The Meaning of life : questions, answers, and analysis /

Bibliographic Details
Other Authors: Sanders, Steven, 1945-, Cheney, David R., 1943-
Format: Book
Language:English
Published: Englewood Cliffs, N.J. : Prentice-Hall, [1980]
Subjects:

MARC

Tag First Indicator Second Indicator Subfields
LEADER 00000pam a2200000 i 4500
001 in00000047607
005 20151007073425.0
008 790925s1980 nju b 00100 eng
010 |a  79022360  
020 |a 0135674387 
035 |a (OCoLC)05563954 
035 |9 AAE9692AM 
040 |a DLC  |c DLC  |d TXA  |d UtOrBLW 
049 |a TXAM  |c [1191901] 
050 0 0 |a BD431  |b .M469 
082 0 |a 128/.5 
245 0 4 |a The Meaning of life :  |b questions, answers, and analysis /  |c edited with an introd. by Steven Sanders and David R. Cheney. 
264 1 |a Englewood Cliffs, N.J. :  |b Prentice-Hall,  |c [1980] 
264 4 |c ©1980 
300 |a x, 181 pages ;  |c 23 cm. 
336 |a text  |b txt  |2 rdacontent 
337 |a unmediated  |b n  |2 rdamedia 
338 |a volume  |b nc  |2 rdacarrier 
500 |a Includes index. 
504 |a Bibliography: pages 171-175. 
505 0 |a Tolstoy, L. my confession.--Schopenhauer, A. On the suffering of the world [and] On the vanity of existence.--Stace, W. T. Man against darkness.--Baier, K. The meaning of life.--Camus, A. An absurd reasoning.--Taylor, R. Does life have a meaning?--Edwards, P. Meaning and value of life.--Hare, R. M. "Nothing matters."--Barnes, H. E. The far side of despair.--Hepburn, R. W. Questions about the meaning of life.--Nielsen, K. Linquisitc philosophy and "The meaning of life."--Nagel, T. The absurd. 
650 0 |a Life. 
700 1 |a Sanders, Steven,  |d 1945- 
700 1 |a Cheney, David R.,  |d 1943- 
999 |a MARS 
999 f f |s dd503e6d-922d-32c4-a1b8-7b872dae5061  |i b6cb6d2d-bb32-3744-bd96-74b144814c4a  |t 0 
952 f f |p ric  |a Texas A&M University  |b Rellis Campus  |c Joint Library Facility  |d Remote Storage  |t 0  |e BD431 .M469  |h Library of Congress classification  |i unmediated -- volume  |m A14801649244 
998 f f |a BD431 .M469  |t 0  |l Remote Storage